| 000 | 01527nam0a22003131 4500 | ||
|---|---|---|---|
| 001 | rc\979219 | ||
| 005 | 20250622064251.0 | ||
| 035 | _a(NLR Aleph) 006147397 | ||
| 090 |
_a5725979 _c5725979 |
||
| 100 | _a20041129d1982 |||y0rusy50 ca | ||
| 101 | 0 | _arus | |
| 102 | _aRU | ||
| 105 | _aa ||||||||| | ||
| 200 | 1 |
_aТы не одинок _eРассказы и повесть _e[Для сред. и ст. школ. возраста] _eАвториз. пер. с тадж. _fБахром Фируз _gРис. В. Кочуровой |
|
| 210 |
_aМ. _cДет. лит. _d1982 |
||
| 215 |
_a175 с. _cил. _d20 |
||
| 327 | 1 | _aСодерж.: Ты не одинок: Повесть; Рассказы: По дороге в кишлак; Горький вкус правды; Гуштингири - состязание борцов; Молчаливый; Начало | |
| 464 | 0 |
_12001#$aТы не одинок _tТы не одинок |
|
| 464 | 0 |
_12001#$aПо дороге в кишлак _tПо дороге в кишлак |
|
| 464 | 0 |
_12001#$aГорький вкус правды _tГорький вкус правды |
|
| 464 | 0 |
_12001#$aГуштингири - состязание борцов _tГуштингири - состязание борцов |
|
| 464 | 0 |
_12001#$aМолчаливый _tМолчаливый |
|
| 464 | 0 |
_12001#$aНачало _tНачало |
|
| 700 | 1 |
_aФируз _bБ. _gБахром |
|
| 801 | 0 |
_aRU _bNLR _gpsbo |
|
| 801 | 1 |
_aRU _bELAR _2rusmarc |
|
| 852 |
_aNLR _j82-3/9998 |
||
| 942 | _cBOOK | ||
| 980 | _aNB | ||